RELIABILITY MODELLING AND APPLICATIONS ,PROCEEDINGS OF THE ISPRA COURSE HELD AT THE JOINT RESEARCH ISPRA ITALY NOVEMBER 25-29, 1985 (Record no. 585594)
[ view plain ]
| 000 -LEADER | |
|---|---|
| fixed length control field | 00613nam a22001337a 4500 |
| 020 ## - INTERNATIONAL STANDARD BOOK NUMBER | |
| International Standard Book Number | 90-277-2566-7 |
| 082 ## - DEWEY DECIMAL CLASSIFICATION NUMBER | |
| Classification number | 620.00452 REL'C |
| 100 ## - MAIN ENTRY--PERSONAL NAME | |
| Personal name | COLOMBO, A. G ,KELLER, A. Z |
| 9 (RLIN) | 80698 |
| 245 ## - TITLE STATEMENT | |
| Title | RELIABILITY MODELLING AND APPLICATIONS ,PROCEEDINGS OF THE ISPRA COURSE HELD AT THE JOINT RESEARCH ISPRA ITALY NOVEMBER 25-29, 1985 |
| 260 ## - PUBLICATION, DISTRIBUTION, ETC. | |
| Place of publication, distribution, etc. | TOKYO |
| Name of publisher, distributor, etc. | D. RIDER |
| Date of publication, distribution, etc. | 1987 |
| 300 ## - PHYSICAL DESCRIPTION | |
| Extent | 391P |
| 650 ## - SUBJECT ADDED ENTRY--TOPICAL TERM | |
| Topical term or geographic name entry element | HUMAN RELIABILITY RELIABILITY OF COMPUTING SYSTEMS STRUCTURAL RELIABILITY AVAILABILITY AND MAINTAINABILITY OF SYSTEMS SYSTEM RELIABILITY RELIABILITY (ENGINEERING) MATHEMATICAL MODELS CONGRESSES |
| 9 (RLIN) | 80699 |
| 942 ## - ADDED ENTRY ELEMENTS (KOHA) | |
| Koha item type | Book |
| Withdrawn status | Lost status | Source of classification or shelving scheme | Damaged status | Not for loan | Permanent Location | Current Location | Shelving location | Date acquired | Full call number | Barcode | Date last seen | Price effective from | Koha item type | Public note |
|---|---|---|---|---|---|---|---|---|---|---|---|---|---|---|
| College of Electrical & Mechanical Engineering (CEME) | College of Electrical & Mechanical Engineering (CEME) | General Stacks | 07/10/2017 | 620.00452 REL'C | CEME-24413 | 06/28/2021 | 06/28/2021 | Book | 4.1 |
